00334nam a2200133Ia 4500008004100000020001500041041001200056082001600068100001700084245005000101260002500151300000800176650001600184221030s9999 xx 000 0 und d a8120308557 aEnglish a105.23bMan aM. M. Morris 0aComputer System Architecturecby M. M. Morris bPHIaNew Delhic1999 a525 aBE Computer